Tampa Bay Lightning Leaders - Statistics

General Stats
  • This quiz has been taken 86 times
    27 since last reset
  • The average score is 42 of 103
Answer Stats
Stat Number Answer % Correct
Most Goals 401 Nikita Kucherov
100%
Most Assists 723 Nikita Kucherov
100%
Most Points 1124 Nikita Kucherov
100%
Most Games Played 878 Nikita Kucherov
100%
Most Game Winning Goals 65 Nikita Kucherov
100%
Most Games Played (Goalie) 598 Andrei Vasilevskiy
94%
Most Wins 370 Andrei Vasilevskiy
94%
Most Shutouts 42 Andrei Vasilevskiy
94%
Best Career Save Percentage .917 Andrei Vasilevskiy
94%
Best Career Goals Against Average 2.50 Andrei Vasilevskiy
94%
Most Goals 555 Steven Stamkos
94%
Most Assists 582 Steven Stamkos
94%
Most Points 1137 Steven Stamkos
94%
Most Games Played 1082 Steven Stamkos
94%
Most Game Winning Goals 85 Steven Stamkos
94%
Most Goals 324 Brayden Point
83%
Most Assists 361 Brayden Point
83%
Most Points 685 Brayden Point
83%
Most Games Played 720 Brayden Point
83%
Most Game Winning Goals 63 Brayden Point
83%
Most Goals 365 Martin St. Louis
78%
Most Assists 588 Martin St. Louis
78%
Most Points 953 Martin St. Louis
78%
Most Games Played 972 Martin St. Louis
78%
Most Game Winning Goals 64 Martin St. Louis
78%
Most Goals 172 Victor Hedman
72%
Most Assists 639 Victor Hedman
72%
Most Points 811 Victor Hedman
72%
Most Games Played 1164 Victor Hedman
72%
Most Game Winning Goals 29 Victor Hedman
72%
Most Goals 383 Vincent Lecavalier
67%
Most Assists 491 Vincent Lecavalier
67%
Most Points 874 Vincent Lecavalier
67%
Most Games Played 1037 Vincent Lecavalier
67%
Most Game Winning Goals 60 Vincent Lecavalier
67%
Most Games Played (Goalie) 227 Ben Bishop
44%
Most Wins 131 Ben Bishop
44%
Most Shutouts 17 Ben Bishop
44%
Best Career Save Percentage .921 Ben Bishop
44%
Best Career Goals Against Average 2.28 Ben Bishop
44%
Most Goals 150 Brad Richards
39%
Most Assists 339 Brad Richards
39%
Most Points 489 Brad Richards
39%
Most Goals 147 Anthony Cirelli
33%
Most Game Winning Goals 24 Anthony Cirelli
33%
Most Assists 280 Ondřej Palát
33%
Most Points 423 Ondřej Palát
33%
Most Games Played 628 Ondřej Palát
33%
Most Game Winning Goals 30 Ondřej Palát
33%
Most Games Played (Goalie) 192 Nikolai Khabibulin
28%
Most Wins 83 Nikolai Khabibulin
28%
Most Shutouts 14 Nikolai Khabibulin
28%
Best Career Save Percentage .914 Nikolai Khabibulin
28%
Best Career Goals Against Average 2.39 Nikolai Khabibulin
28%
Most Goals 161 Tyler Johnson
28%
Most Games Played 589 Tyler Johnson
28%
Most Game Winning Goals 30 Tyler Johnson
28%
Most Goals 198 Alex Killorn
22%
Most Assists 268 Alex Killorn
22%
Most Points 466 Alex Killorn
22%
Most Games Played 805 Alex Killorn
22%
Most Game Winning Goals 34 Alex Killorn
22%
Most Games Played (Goalie) 206 Daren Puppa
22%
Most Wins 77 Daren Puppa
22%
Most Shutouts 12 Daren Puppa
22%
Best Career Save Percentage .905 Daren Puppa
22%
Best Career Goals Against Average 2.70 Daren Puppa
22%
Most Shutouts 3 Jonas Johansson
22%
Most Assists 244 Václav Prospal
17%
Most Points 371 Václav Prospal
17%
Most Wins 31 Dwayne Roloson
11%
Most Shutouts 5 Dwayne Roloson
11%
Most Games Played (Goalie) 103 John Grahame
11%
Most Wins 53 John Grahame
11%
Most Shutouts 8 John Grahame
11%
Best Career Save Percentage .900 John Grahame
11%
Best Career Goals Against Average 2.61 John Grahame
11%
Most Wins 28 Louis Domingue
11%
Most Wins 28 Mathieu Garon
11%
Most Games Played (Goalie) 118 Mike Smith
11%
Most Wins 43 Mike Smith
11%
Most Shutouts 6 Mike Smith
11%
Best Career Save Percentage .905 Mike Smith
11%
Best Career Goals Against Average 2.85 Mike Smith
11%
Most Games Played 662 Pavel Kubina
11%
Most Games Played (Goalie) 76 Dan Cloutier
6%
Best Career Save Percentage .887 Dan Cloutier
6%
Best Career Goals Against Average 3.46 Dan Cloutier
6%
Most Games Played (Goalie) 93 Johan Holmqvist
6%
Most Wins 47 Johan Holmqvist
6%
Most Shutouts 3 Johan Holmqvist
6%
Best Career Save Percentage .892 Johan Holmqvist
6%
Best Career Goals Against Average 2.93 Johan Holmqvist
6%
Most Shutouts 3 Brian Elliott
0%
Most Games Played (Goalie) 87 Corey Schwab
0%
Most Shutouts 3 Corey Schwab
0%
Best Career Save Percentage .893 Corey Schwab
0%
Best Career Goals Against Average 3.25 Corey Schwab
0%
Most Games Played (Goalie) 80 Kevin Weekes
0%
Most Shutouts 6 Kevin Weekes
0%
Best Career Save Percentage .902 Kevin Weekes
0%
Best Career Goals Against Average 3.10 Kevin Weekes
0%
Most Shutouts 4 Rick Tabaracci
0%
No matching quizzes found
Score Distribution
Percent of People with Each Score
Percentile by Number Answered
Your Score History
You have not taken this quiz since the last reset